| Tag |
First Indicator |
Second Indicator |
Subfields |
| LEADER |
00000cam a22000001 4500 |
| 001 |
in00002113513 |
| 005 |
20151102190945.0 |
| 008 |
850514s1960 nyua b 000 0 eng c |
| 010 |
|
|
|a 60008052
|
| 015 |
|
|
|a GB60-13268
|
| 029 |
1 |
|
|a UKM
|b b6013268
|
| 035 |
|
|
|a (OCoLC)ocm00973395
|
| 040 |
|
|
|a DLC/ICU
|c CGU
|d DLC
|d UKM
|d COU
|d MUQ
|d UtOrBLW
|
| 049 |
|
|
|a TXAM
|
| 050 |
0 |
0 |
|a QH324
|b .P37
|
| 082 |
0 |
0 |
|a 578.9
|
| 090 |
|
|
|a QH207
|b .P42
|
| 100 |
1 |
|
|a Pease, Daniel C.
|q (Daniel Chapin),
|d 1914-
|
| 245 |
1 |
0 |
|a Histological techniques for electron microscopy.
|
| 264 |
|
1 |
|a New York :
|b Academic Press,
|c 1960.
|
| 300 |
|
|
|a 274 pages :
|b illustrations ;
|c 24 cm.
|
| 336 |
|
|
|a text
|b txt
|2 rdacontent
|
| 337 |
|
|
|a unmediated
|b n
|2 rdamedia
|
| 338 |
|
|
|a volume
|b nc
|2 rdacarrier
|
| 504 |
|
|
|a Includes bibliography.
|
| 650 |
|
0 |
|a Histology
|x Technique.
|
| 650 |
|
0 |
|a Electron microscopy
|x Technique.
|
| 650 |
|
2 |
|a Histological Techniques.
|
| 650 |
|
6 |
|a Histologie
|x Techniques de laboratoire.
|
| 650 |
|
6 |
|a Microscopie électronique.
|
| 994 |
|
|
|a C0
|b TXA
|
| 999 |
|
|
|a MARS
|
| 999 |
f |
f |
|s 5390fe4b-0346-3e27-b18b-d0d8f3fa65ab
|i c4de2820-42c9-3788-9b99-ea9fe46bfae7
|t 0
|
| 952 |
f |
f |
|p ric
|a Texas A&M University
|b Rellis Campus
|c Joint Library Facility
|d Remote Storage
|t 0
|e QH207 .P42
|h Library of Congress classification
|i unmediated -- volume
|m A14808576060
|
| 998 |
f |
f |
|a QH207 .P42
|t 0
|l Remote Storage
|